LIBRARY & INFORMATION CENTRE, KCAET, TAVANUR

ONLINE PUBLIC ACCESS CATALOGUE (OPAC)

Introduction to geographic information systems / (Record no. 13187)

MARC details
000 -LEADER
fixed length control field 00361cam a2200133ua 4500
020 ## - INTERNATIONAL STANDARD BOOK NUMBER
ISBN 9780070658981
082 ## - DEWEY DECIMAL CLASSIFICATION NUMBER
Classification number 550.066
Item number CHA/IN
100 ## - MAIN ENTRY--AUTHOR NAME
Personal name Chang, Kang-tsung .
245 ## - TITLE STATEMENT
Title Introduction to geographic information systems /
250 ## - EDITION STATEMENT
Edition statement 4 /
260 ## - PUBLICATION, DISTRIBUTION, ETC. (IMPRINT)
Place of publication New Delhi :
Name of publisher Tata Mc-Graw Hill Publishing Company ,
Year of publication 2007.
300 ## - PHYSICAL DESCRIPTION
Number of Pages 450 ; .
942 ## - ADDED ENTRY ELEMENTS (KOHA)
Koha item type Books
Holdings
Withdrawn status Lost status Damaged status Home library Current library Date acquired Full call number Accession Number Koha item type Collection code Shelving location Source of acquisition Cost, normal purchase price
      KAUAET KAUAET 07/04/2012 550.066 21391 Books        
      KAUAET KAUAET 07/04/2012 550.066 21388 Books        
      KAUAET KAUAET 07/04/2012 550.066 21390 Books        
      KAUAET KAUAET 07/04/2012 550.066 21389 Books        
      KAUAET KAUAET 31/03/2012 550.066 CHA/IN 22514 Books Non-fiction General Stacks    
Withdrawn     KAUAET KAUAET 31/03/2012 550.066 CHA/IN 22515 Books Non-fiction General Stacks    
      KAUAET KAUAET 31/03/2012 550.066 CHA/IN 22516 Books Non-fiction General Stacks    
      KAUAET KAUAET 31/03/2012 550.066 CHA/IN 22517 Books Non-fiction General Stacks    
      KAUAET KAUAET 31/03/2012 550.066 CHA/IN 22518 Books Non-fiction General Stacks    
      KAUAET KAUAET 31/03/2012 550.066 CHA/IN 22519 Books Non-fiction General Stacks    
      KAUAET KAUAET 31/03/2012 550.066 CHA/IN 23054 Books Non-fiction General Stacks International Books and periodical supply service, New Delhi 450.00
      KAUAET KAUAET 31/03/2012 550.066 CHA/IN 23055 Books Non-fiction General Stacks International Books and periodical supply service, New Delhi 450.00
      KAUAET KAUAET 31/03/2012 550.066 CHA/IN 23056 Books Non-fiction General Stacks International Books and periodical supply service, New Delhi 450.00
      KAUAET KAUAET 31/03/2012 550.066 CHA/IN 23057 Books Non-fiction General Stacks International Books and periodical supply service, New Delhi 450.00
      KAUAET KAUAET 31/03/2012 550.066 CHA/IN 23058 Books Non-fiction General Stacks International Books and periodical supply service, New Delhi 450.00
free website counter